Kubernetes Patterns (Record no. 356690)

MARC details
000 -LEADER
fixed length control field 00417 a2200157 4500
005 - DATE AND TIME OF LATEST TRANSACTION
control field 20240903143840.0
008 - FIXED-LENGTH DATA ELEMENTS--GENERAL INFORMATION
fixed length control field 240903b |||||||| |||| 00| 0 eng d
020 ## - INTERNATIONAL STANDARD BOOK NUMBER
International Standard Book Number 9789355429919
041 ## - LANGUAGE CODE
Language code of text/sound track or separate title eng
100 ## - MAIN ENTRY--PERSONAL NAME
Author Ibryam B.
245 ## - TITLE STATEMENT
Title Kubernetes Patterns
Remainder of title Reusable Elements for Designing Cloud Native Applications
250 ## - EDITION STATEMENT
Edition statement 2nd ed.
260 ## - PUBLICATION, DISTRIBUTION, ETC.
Name of publisher, distributor, etc. SPD O r'eilly
Date of publication, distribution, etc. 2023
300 ## - PHYSICAL DESCRIPTION
Extent 366
942 ## - ADDED ENTRY ELEMENTS (KOHA)
Koha item type Books
Holdings
Withdrawn status Lost status Source of classification or shelving scheme Damaged status Not for loan Home library Current library Date acquired Vendor Net Price Total Checkouts Full call number Barcode Date last seen Actual Price Bill Date Koha item type
    Dewey Decimal Classification     Cummins College of Engineering for Women Pune Cummins College of Engineering for Women Pune 14/12/2023 115 1174.25   006.7'8 HBR CCEP-BK-65847 14/12/2023 1525.00 14/12/2023 Books